El patrón / (Registro nro. 2551)
[ vista simple ]
| 000 -LEADER | |
|---|---|
| fixed length control field | 00585nam a2200193 a 4500 |
| 008 - CAMPO DE CONTROL (LIBRO) | |
| fixed length control field | 011117t2015 ag |||g |||| 000 p spa d |
| 020 ## - INTERNATIONAL STANDARD BOOK NUMBER | |
| ISBN | 9789871869466 |
| 041 ## - CODIGO DE IDIOMA | |
| Código de idioma del texto/pista de sonido o título separado | spa |
| 092 ## - SIGNATURA TOPOGRAFICA DEWEY LOCAL | |
| número de clasificación | 808 |
| libristica | 97 |
| sección | YEA |
| 100 1# - ENTRADA PRINCIPAL--NOMBRE PERSONAL | |
| Nombre personal | Yeannoteguy, Gabriel |
| 9 (RLIN) | 3326 |
| 245 #3 - TITULO PROPIAMENTE DICHO | |
| Título | El patrón / |
| Mención de responsabilidad y remanente de la transcripción de la portada | Gabriel Yeannoteguy |
| 250 ## - MENCION DE EDICION | |
| Mención de edición | 1a ed. |
| 260 ## - PIE DE IMPRENTA | |
| Lugar de publicación, distribución, etc | Buenos Aires: |
| Nombre de la editorial, distribuidor, etc | En Danza; |
| Fecha de publicación | 2015. |
| 300 ## - DESCRIPCION FISICA | |
| Extension | 100 p. |
| Dimensiones | 22x15 cm. |
| 500 ## - NOTA GENERAL | |
| Nota general | Yeannoteguy, G. (2015). El patrón. (1a ed.). Buenos Aires : En Danza. |
| 590 ## - NOTAS LOCALES (RLIN) | |
| Nota local | Donación. Proyecto Literatura 4to libro |
| 655 ## - MATERIA - GENERO/FORMA | |
| Género/Forma | Literatura |
| -- | 2917 |
| 942 ## - ADDED ENTRY ELEMENTS (KOHA) | |
| Source of classification or shelving scheme | Dewey Decimal Classification |
| Item type | LITERATURA |
| Estado de retiro | Existencia | Fuente de clasificación | Estado general | No para prestamo | Ubicación permanente | ubicación actual | Sala de ubicación | Fecha de adquisición | Fuente de adquisición | Total Checkouts | Número de clasificación | Código de barras | Date last seen | Número de ejemplar | Price effective from | Koha tipo de elemento (item) | Public note |
|---|---|---|---|---|---|---|---|---|---|---|---|---|---|---|---|---|---|
| Dewey Decimal Classification | Biblioteca Medicina | Biblioteca Medicina | Circulación | 03/11/2017 | Donación Fondo Nacinal de las Artes, Octubre 2017 | 808 97 YEA | 4012 | 03/11/2017 | Ej. 1 | 03/11/2017 | LITERATURA | Proyecto 4to Libro, Donación Fondo Nacional de las Artes, Octubre 2017 |